Music Quiz

Random Music or Rock Quiz
Score 0/40 Timer 12:00
0 Plays Today
Time Song % Correct
1:12Should I Stay Or Should I Go?
89.1%
2:06Don't You Want Me?
85.5%
1:48What Is Love?
82.9%
0:18Wouldn't It Be Nice?
81.1%
3:00Can You Feel The Love Tonight?
79.7%
0:45Where Is The Love?
72.2%
0:09Do They Know It's Christmas?
71.9%
2:42Are You Gonna Be My Girl?
69.1%
5:51Isn't She Lovely?
67.9%
5:15What's Love Got to Do With It?
67.6%
0:36How Deep Is Your Love?
67.1%
1:21Have You Ever Seen The Rain?
66.5%
4:57Da Ya Think I'm Sexy?
64.4%
1:57How Will I Know?
59.5%
1:39Do You Want To Build A Snowman?
58.9%
3:09Are You Gonna Go My Way?
55.9%
1:30Do You Really Want To Hurt Me?
53.9%
4:21Are You Lonesome Tonight?
49.1%
3:54Why Don't You Get A Job?
47%
3:36Who Can It Be Now?
46.3%
Time Song % Correct
0:54Life On Mars?
44.9%
5:42Who Are You?
44.9%
4:12Where Is My Mind?
42.1%
0:00Do I Wanna Know?
42%
2:24Is She Really Going Out With Him?
40.5%
0:27Do You Want To Know A Secret?
39.8%
4:48How Soon Is Now?
39.4%
4:30What's My Name?
38.3%
5:33Why Can't This Be Love?
37.3%
3:18Whataya Want From Me?
30.7%
1:03Ever Fallen In Love (With Someone You Shouldn't've)?
29.6%
2:15What Have You Done For Me Lately?
29.3%
3:27Could You Be Loved?
28.5%
3:45Where Did You Sleep Last Night?
28.5%
2:33Can You Feel It?
25.2%
2:51Do You Wanna Touch Me?
21.3%
4:03What Have I Done To Deserve This?
20.5%
5:06Are 'Friends' Electric?
15.3%
4:39Anybody Seen My Baby?
7.4%
5:24Where Did I Go Wrong?
2.8%
Remove Ads.
Support Sporcle.
Get the best of Sporcle when you Go Orange. This ad-free experience offers more features, more stats, and more fun while also helping to support Sporcle. Thank you for becoming a member.

You're not logged in!

Compare scores with friends on all Sporcle quizzes.
OR
Log In

Show Comments

Extras

Top Quizzes Today


Score Distribution

Your Account Isn't Verified!

In order to create a playlist on Sporcle, you need to verify the email address you used during registration. Go to your Sporcle Settings to finish the process.

Report this User

Report this user for behavior that violates our Community Guidelines.

Details: